Представление документа в формате RUSMARC

ПолеНазваниеЗначение
  Тип записи a
  Библиографический уровень m
001 Контрольный номер RU/УГОНБ/EK/101189
005 Дата корректировки 20260414163201.8
100 Данные общей обработки __
a Данные общей обработки 20060628d2005 u u0rusy0189 ca
101 Язык документа 0_
a Язык текста rus
102 Страна публикации __
a Страна публикации RU
105 Кодированные данные (монография) __
a Кодированные данные (монография) a f 000yy
200 Заглавие и сведения об ответственности 1_
a Заглавие Анкетирование
210 Выходные данные 1_
d Дата издания 2005
215 Физическое описание __
a Объем 766 с.
c Иллюстрации/тип воспроизводства ил., цв. ил., портр., табл.
461 Уровень набора _0
1 2001
a Большая Российская энциклопедия
e в 30 томах
f редакторы Ю. С. Осипов, С. Л. Кравец
v Т. 1
1 2101
a Москва
c БРЭ
d 2005-
1 001UONB/MAIN/d2879593daba42de9df2d8a0164bcf22
1 203
a Текст
b визуальный
c непосредственный
1 215
d 29 см
606 Тематические рубрики 0_
a Основная рубрика Россия
j Формальный подзаголовок Энциклопедии
610 Ключевые слова 0_
a Ключевые слова энциклопедии по России
686 Индексы других классификаций __
a Классификационный индекс 92.0
2 Код системы rubbk
686 Индексы других классификаций __
a Классификационный индекс 63.3(2)я20
2 Код системы rubbk
801 Источник записи _0
a Страна RU
b Организация Ульяновская ОНБ
c Дата составления 20060628
g Правила каталогизации RCR
801 Источник записи _1
a Страна RU
b Организация Ульяновская ОНБ
c Дата составления 20061108
g Правила каталогизации RCR
901 Тип документа __
t Тип документа n
w Контрольный № источника UONB/MAIN/d2879593daba42de9df2d8a0164bcf22
910 Корректоры записи __
a Корректор записи Седова
b Дата внесения изменения в запись 20260414
970 Признак ограниченного доступа __
a Фамилия Акунин
b Имя (инициалы) Б.
g Полное личное имя Борис
f Иностранный агент (физическое лицо)
e 12.01.2024
996 Контроль за деятельностью лиц, находящихся под иностранным влиянием __
b Текстовое указание НАСТОЯЩИЙ МАТЕРИАЛ (ИНФОРМАЦИЯ) ПРОИЗВЕДЁН, РАСПРОСТРАНЁН И (ИЛИ) НАПРАВЛЕН ИНОСТРАННЫМ АГЕНТОМ АКУНИНЫМ БОРИСОМ ЛИБО КАСАЕТСЯ ДЕЯТЕЛЬНОСТИ ИНОСТРАННОГО АГЕНТА АКУНИНА БОРИСА